000 00910nam a2200241Ia 4500
003 GCL
008 140319s9999 xx 000 0 ara d
040 _aGCL /
_cGCL
082 0 4 _a346.01
_bع ا
100 1 _aعبدالفتاح محمد ابوالعينين
245 1 0 _aالاسلام والاسرة: دراسة مقارنة فى ضوء المذاهب الفقهية وقوانين الاحوال الشخصية /
_cعبدالفتاح محمد ابوالعينين
260 _a[S.N] :
_b2000 للثقافة والنشر
300 _a464 ص
490 _a
650 0 4 _aالقانون
650 0 4 _aالطلاق
650 0 4 _aالاحوال الشخصية
650 0 4 _aقانون الاجراءات الجنائية
650 0 4 _aالقانون الخاص
650 0 4 _aقانون الاجراءات المدنية
650 0 4 _aقانون الاحوال الشخصية
942 _2ddc
_cBK
999 _c56108
_d56108